|
|
|
|
| LEADER |
03858nam a2200589 4500 |
| 001 |
ocn705355252 |
| 003 |
OCoLC |
| 005 |
20170124071927.7 |
| 006 |
m o d |
| 007 |
cr cn||||||||| |
| 008 |
110304s2011 gw ob 001 0 eng d |
| 040 |
|
|
|a DG1
|b eng
|e pn
|c DG1
|d YDXCP
|d TXA
|d NLGGC
|d IDEBK
|d OCLCQ
|d E7B
|d CDX
|d UV0
|d OCLCQ
|d N$T
|d OCLCO
|d OTZ
|d OCLCQ
|d COO
|d OCLCQ
|d GrThAP
|
| 019 |
|
|
|a 769189081
|a 772396627
|a 781264190
|a 816878120
|
| 020 |
|
|
|a 9783527633104
|q (electronic bk.)
|
| 020 |
|
|
|a 3527633103
|q (electronic bk.)
|
| 020 |
|
|
|a 9783527633111
|q (electronic bk.)
|
| 020 |
|
|
|a 3527633111
|q (electronic bk.)
|
| 020 |
|
|
|a 1283370484
|
| 020 |
|
|
|a 9781283370486
|
| 020 |
|
|
|z 3527326316
|
| 020 |
|
|
|z 9783527326310
|
| 029 |
1 |
|
|a AU@
|b 000047057098
|
| 029 |
1 |
|
|a NLGGC
|b 33453951X
|
| 029 |
1 |
|
|a NZ1
|b 14006555
|
| 029 |
1 |
|
|a NZ1
|b 15341491
|
| 029 |
1 |
|
|a DEBBG
|b BV043392879
|
| 035 |
|
|
|a (OCoLC)705355252
|z (OCoLC)769189081
|z (OCoLC)772396627
|z (OCoLC)781264190
|z (OCoLC)816878120
|
| 037 |
|
|
|a 10.1002/9783527633104
|b Wiley InterScience
|n http://www3.interscience.wiley.com
|
| 050 |
|
4 |
|a RS403
|b .B525 2011eb
|
| 072 |
|
7 |
|a MED
|x 071000
|2 bisacsh
|
| 072 |
|
7 |
|a PNK
|2 bicssc
|
| 082 |
0 |
4 |
|a 615.2
|2 22
|
| 049 |
|
|
|a MAIN
|
| 245 |
0 |
0 |
|a Bioinorganic medicinal chemistry /
|c edited by Enzo Alessio.
|
| 264 |
|
1 |
|a Weinheim :
|b Wiley-VCH ;
|c 2011.
|
| 264 |
|
2 |
|a Chichester :
|b John Wiley [distributor],
|c 2011.
|
| 300 |
|
|
|a 1 online resource
|
| 336 |
|
|
|a text
|b txt
|2 rdacontent
|
| 337 |
|
|
|a computer
|b c
|2 rdamedia
|
| 338 |
|
|
|a online resource
|b cr
|2 rdacarrier
|
| 505 |
0 |
|
|a Front Matter -- Medicinal Inorganic Chemistry: State of the Art, New Trends, and a Vision of the Future / Nicola J Farrer, Peter J Sadler -- Targeting Strategies for Metal-Based Therapeutics / Julia F Norman, Trevor W Hambley -- Current Status and Mechanism of Action of Platinum-Based Anticancer Drugs / Shanta Dhar, Stephen J Lippard -- New Trends and Future Developments of Platinum-Based Antitumor Drugs / Xiaoyong Wang, Zijian Guo -- Ruthenium and Other Non-Platinum Anticancer Compounds / Ioannis Bratsos, Teresa Gianferrara, Enzo Alessio, Christian G Hartinger, Michael A Jakupec, Bernhard K Keppler -- The Challenge of Establishing Reliable Screening Tests for Selecting Anticancer Metal Compounds / Angela Boccarelli, Alessandra Pannunzio, Mauro Coluccia -- Gold-Based Therapeutic Agents: A New Perspective / Susan J Berners-Price -- MRI Contrast Agents: State of the Art and New Trends / Daniela Delli Castelli, Eliana Gianolio, Silvio Aime -- Metal-Based Radiopharmaceuticals / Roger Alberto -- Boron and Gadolinium in the Neutron Capture Therapy of Cancer / Ellen L Crossley, H Y Vincent Ching, Joseph A Ioppolo, Louis M Rendina -- Essential Metal Related Metabolic Disorders / Yasmin Mawani, Chris Orvig -- Metal Compounds as Enzyme Inhibitors / Gilles Gasser, Nils Metzler-Nolte -- Biomedical Applications of Metal-Containing Luminophores / Albert Ruggi, David N Reinhoudt, Aldrik H Velders -- Index.
|
| 520 |
|
|
|a This book gives a comprehensive overview about medicinal inorganic chemistry. Topics like targeting strategies, mechanism of action, Pt-based antitumor drugs, radiopharmaceuticals are covered in detail and offer the reader an in-depth overview about this important topic.
|
| 588 |
0 |
|
|a Print version record.
|
| 504 |
|
|
|a Includes bibliographical references and index.
|
| 650 |
|
0 |
|a Pharmaceutical chemistry.
|
| 650 |
|
0 |
|a Inorganic compounds
|x Therapeutic use.
|
| 650 |
|
7 |
|a MEDICAL
|x Pharmacology.
|2 bisacsh
|
| 655 |
|
4 |
|a Electronic books.
|
| 700 |
1 |
|
|a Alessio, E.
|q (Enzo)
|
| 776 |
0 |
8 |
|i Print version:
|t Bioinorganic medicinal chemistry.
|d Weinheim : Wiley-VCH ; Chichester : John Wiley [distributor], 2011
|z 9783527326310
|w (OCoLC)659246401
|
| 856 |
4 |
0 |
|u https://doi.org/10.1002/9783527633104
|z Full Text via HEAL-Link
|
| 994 |
|
|
|a 92
|b DG1
|